Estrategia nuclear para principiantes /

Guardado en:
Formato: Deslizar
Series:Ciencia y Técnica
Materias:
Etiquetas: Agregar Etiqueta
Sin Etiquetas, Sea el primero en etiquetar este registro!
LEADER 00883ngm a22002535g 4500
001 CEM.cems021490
008 130507b1992##################0###0#####d
005 20240826180915.0
245 0 0 |a Estrategia nuclear para principiantes / 
300 |a 56 
490 0 |a Ciencia y Técnica 
500 |a En soporte VHS, consultar en ventanilla. 
505 0 |a Las armas nucleares. Posición de EEUU. Relación de EEUU y URSS. Hiroshima: desastre en Bikini. Evolución del armamentismo. 
538 |a Soporte: VHS - Norma: Pal N - Color - Grabación Drd 1992 - Hitachi=4555 
082 9 4 |. 53/HIS 
653 |a ENERGIA NUCLEAR 
653 |a BOMBA ATOMICA 
653 |a ISLAS BIKINI 
653 |a HIROSHIMA 
653 |a ARMAMENTISMO 
653 |a BIKINI 
653 |a ARMAS NUCLEARES 
653 |a NIVEL SECUNDARIO 
859 |a CEMS  |b BIB. CEMS - Depto. Recursos Didacticos  |h 940.53  |i HIS  |k DRD  |p 133.12  |t Ej.1